| 000 | 00361nam a2200145Ia 4500 | ||
|---|---|---|---|
| 008 | 230917s9999||||xx |||||||||||||| ||und|| | ||
| 040 |
_e3506 _aMAIN |
||
| 041 | _aEnglish | ||
| 082 | _a320.50954 G748C | ||
| 100 | _aGoyal, O P | ||
| 245 | 0 | _aContemporary Indian political thought | |
| 260 |
_aAllehabad _bKitab Mahal _c1965 |
||
| 300 | _a104 p. | ||
| 942 | _cBK | ||
| 999 |
_c116247 _d116247 |
||